南アメリカの首都 - Statistics

General Stats
  • This quiz has been taken 497 times
  • The average score is 7 of 12
Answer Stats
首都 % Correct
ブラジル ブラジリア
98%
アルゼンチン ブエノスアイレス
90%
ペルー リマ
77%
エクアドル キト
73%
チリ サンティアゴ
69%
ウルグアイ モンテビデオ
64%
ボリビア スクレ/ラパス
55%
コロンビア ボゴタ
53%
ベネズエラ カラカス
52%
パラグアイ アスンシオン
49%
ガイアナ ジョージタウン
37%
スリナム パラマリボ
28%
No matching quizzes found
Score Distribution
Percent of People with Each Score
Percentile by Number Answered
Your Score History
You have not taken this quiz